[Event "II Miedzynarodowy Memorial Ireny Warakomskiej - Open C"]
[Site "Suwalki"]
[Date "2018.08.02"]
[Round "2.6"]
[White "Nowak, Adam"]
[Black "Volkov, Aleksandr"]
[Result "1-0"]
[WhiteTitle ""]
[BlackTitle ""]
[WhiteElo "1352"]
[BlackElo "1506"]

1. c4 Nf6 2. g3 Nc6 3. Bg2 e5 4. Nf3 Bc5 5. O-O h6 6. Nxe5 Bxf2+ 7. Rxf2 Nxe5 8.
d4 Nxc4 9. b3 Nd6 10. Nc3 O-O 11. e4 Nh7 12. Ba3 Re8 13. e5 Nf5 14. Rxf5 d6 15.
Rf2 dxe5 16. d5 Ng5 17. Qh5 Qd7 18. Raf1 Qg4 19. Qxg4 Bxg4 20. Kh1 Nh3 21. Rxf7
Ng5 22. Rxc7 e4 23. Be7 Rac8 24. Rxc8 Rxc8 25. Nxe4 Nf7 26. h3 Bd7 27. Nc5 Rc7
28. b4 b6 29. d6 Rxc5 30. bxc5 bxc5 31. Bd5 Be8 32. Bxf7+ Bxf7 33. d7 1-0

[Event "II Miedzynarodowy Memorial Ireny Warakomskiej - Open C"]
[Site "Suwalki"]
[Date "2018.08.02"]
[Round "2.7"]
[White "Czarnomski, Dominik"]
[Black "Podlewski, Michal"]
[Result "1/2-1/2"]
[WhiteTitle ""]
[BlackTitle ""]
[WhiteElo "1493"]
[BlackElo "1371"]

1. c4 c6 2. g3 d5 3. Bg2 Nf6 4. Nf3 Bf5 5. O-O e6 6. b3 Be7 7. Nh4 Bg6 8. Bb2 O-O
9. Nxg6 hxg6 10. d3 Nbd7 11. e4 dxe4 12. dxe4 Qc7 13. Qe2 Nc5 14. Nc3 Rad8 15.
Rad1 Rxd1 16. Rxd1 Rd8 17. Rxd8+ Qxd8 18. e5 Nfd7 19. b4 Na6 20. a3 Qc7 21. f4
Nab8 22. Kh1 a5 23. b5 Nc5 24. Ne4 Nbd7 25. bxc6 bxc6 26. h4 Nxe4 27. Qxe4 Nc5
1/2-1/2

[Event "II Miedzynarodowy Memorial Ireny Warakomskiej - Open C"]
[Site "Suwalki"]
[Date "2018.08.02"]
[Round "2.9"]
[White "Kieca, Aleksandra"]
[Black "Ulanowski, Marek "]
[Result "1-0"]
[WhiteTitle ""]
[BlackTitle ""]
[WhiteElo "1477"]
[BlackElo "1356"]

1. e4 b6 2. d4 Bb7 3. Bd3 d6 4. Nf3 Nf6 5. Nbd2 c5 6. c3 e6 7. O-O Nc6 8. Re1 e5
9. dxe5 Nxe5 10. Nxe5 dxe5 11. Nf3 Bd6 12. Bb5+ Ke7 13. Bg5 a6 14. Bc4 h6 15.
Bxf6+ gxf6 16. Nh4 Bc8 17. Qh5 Qf8 18. Rad1 Rh7 19. Nf5+ Bxf5 20. Qxf5 Rg7 21.
Rxd6 Qc8 22. Qxf6+ Kf8 23. Red1 1-0

[Event "II Miedzynarodowy Memorial Ireny Warakomskiej - Open C"]
[Site "Suwalki"]
[Date "2018.08.02"]
[Round "2.10"]
[White "Karut, Kacper"]
[Black "Kutylo, Konrad "]
[Result "1/2-1/2"]
[WhiteTitle ""]
[BlackTitle ""]
[WhiteElo "1208"]
[BlackElo "1470"]

1. e4 e6 2. d4 d5 3. e5 c5 4. c3 Nc6 5. Nf3 Bd7 6. a3 Qc7 7. b4 b6 8. Be3 a5 9.
b5 Na7 10. a4 cxd4 11. cxd4 Rc8 12. Be2 Ne7 13. O-O Ng6 14. Nbd2 Be7 15. Rc1 Qb7
16. Rxc8+ Qxc8 17. Qc1 O-O 18. Bd3 Qb7 19. Qb1 Rc8 20. Rc1 Rc7 21. Rxc7 Qxc7 22.
Qc2 Qxc2 23. Bxc2 Nc8 24. g3 Bb4 25. Nb3 Kf8 26. Nc1 Be7 27. h4 Kg8 28. Ne2 Nf8
29. Kg2 Be8 30. g4 f6 31. Kh3 1/2-1/2

[Event "II Miedzynarodowy Memorial Ireny Warakomskiej - Open C"]
[Site "Suwalki"]
[Date "2018.08.02"]
[Round "2.11"]
[White "Tomicki, Marek "]
[Black "Zajac, Szymon"]
[Result "0-1"]
[WhiteTitle ""]
[BlackTitle ""]
[WhiteElo "1467"]
[BlackElo "1346"]

1. d4 d5 2. Nf3 Nf6 3. e3 Bf5 4. c4 e6 5. Nc3 c6 6. cxd5 exd5 7. Bd3 Bxd3 8. Qxd3
Bd6 9. O-O O-O 10. Bd2 Re8 11. Rfe1 Ne4 12. Re2 Nd7 13. Be1 Ndf6 14. Nd2 Qd7 15.
f3 Nxd2 16. Bxd2 Rad8 17. Rae1 Bb8 18. a4 b6 19. b4 Qd6 20. g3 h6 21. Nd1 c5 22.
bxc5 bxc5 23. dxc5 Qxc5 24. Bc3 Be5 25. Bxe5 Rxe5 26. Nf2 Qc4 27. Qxc4 dxc4 28.
Rc2 Rc5 29. e4 Rdc8 30. Rec1 Nd7 31. f4 Nb6 32. Ra2 Ra5 33. Rca1 c3 34. Kf1 Rc4
35. Ke2 Raxa4 36. Rxa4 Rxa4 37. Rxa4 Nxa4 38. Kd3 Kf8 39. Kc4 c2 40. Nd3 Nb2+
0-1

[Event "II Miedzynarodowy Memorial Ireny Warakomskiej - Open C"]
[Site "Suwalki"]
[Date "2018.08.02"]
[Round "2.12"]
[White "Bednarska, Julita"]
[Black "Kaminski, Lukasz "]
[Result "1/2-1/2"]
[WhiteTitle ""]
[BlackTitle ""]
[WhiteElo "1190"]
[BlackElo "1455"]

1. e4 e5 2. Nf3 Nc6 3. Bb5 Nf6 4. d3 d6 5. c3 Bd7 6. Bxc6 Bxc6 7. O-O h6 8. Re1
Be7 9. Nbd2 O-O 10. Nf1 Re8 11. Ng3 Bf8 12. Nf5 Bd7 13. Ng3 Bc6 14. Nf5 Bd7 15.
Ng3 Bc6 16. Nf5 Qc8 17. Ng3 b6 18. h3 Qb7 19. Qe2 Rad8 20. Nh2 Bd7 21. Ng4 Re6
22. Nxf6+ Rxf6 23. Nh5 Rg6 24. Qf3 Qc8 25. Ng3 Bxh3 26. gxh3 Qxh3 27. Qh1 Qg4
28. Kf1 d5 29. exd5 Rf6 30. Kg1 Rdd6 31. Qh5 Qd7 32. Rxe5 g6 33. Qe2 Rxd5 34.
Rxd5 Qxd5 35. Bd2 Re6 36. Qf1 Qf3 37. Re1 Rf6 38. Qe2 Qd5 39. Qe5 Qc6 40. Qe8
Qf3 41. Re2 g5 42. Qe4 Bd6 1/2-1/2

[Event "II Miedzynarodowy Memorial Ireny Warakomskiej - Open C"]
[Site "Suwalki"]
[Date "2018.08.02"]
[Round "2.13"]
[White "Czarniecki, Pawel"]
[Black "Murawski, Milosz "]
[Result "1-0"]
[WhiteTitle ""]
[BlackTitle ""]
[WhiteElo "1450"]
[BlackElo "1288"]

1. e4 c5 2. Nf3 d6 3. d4 cxd4 4. Nxd4 Nf6 5. Nc3 a6 6. Be2 e5 7. Nb3 Be6 8. O-O
Be7 9. Kh1 O-O 10. f4 Nc6 11. f5 Bxb3 12. axb3 Nd4 13. Bc4 Rc8 14. Rf2 b5 15.
Bd5 b4 16. Na2 Nxd5 17. exd5 a5 18. c3 bxc3 19. bxc3 Nb5 20. c4 Qb6 21. Rf3 Nd4
22. Rh3 Nxf5 23. Qh5 Nh4 24. Bg5 Bxg5 25. Qxg5 Ng6 26. Qh5 h6 27. Rg3 Qd4 28.
Rf1 Qh4 29. Rf5 Rcd8 30. Nc3 Ne7 31. Rf1 f5 32. Rxg7+ Kxg7 33. Qxh4 Ng6 34. Qf2
e4 35. Qa7+ Rf7 36. Qxa5 Re8 37. Nb5 Rd7 38. Nxd6 1-0

[Event "II Miedzynarodowy Memorial Ireny Warakomskiej - Open C"]
[Site "Suwalki"]
[Date "2018.08.02"]
[Round "2.14"]
[White "Tynski, Aleksander "]
[Black "Lamch, Michal"]
[Result "1-0"]
[WhiteTitle ""]
[BlackTitle ""]
[WhiteElo "1448"]
[BlackElo "1148"]

1. e4 e5 2. Nf3 Nc6 3. Bc4 Bc5 4. d3 h6 5. O-O d6 6. Be3 Nf6 7. h3 O-O 8. Qd2 Bxe3
9. fxe3 b6 10. Nc3 Na5 11. Bb3 c6 12. d4 Nxb3 13. axb3 Qe7 14. Rae1 Bb7 15. Nh4
Qe6 16. Nf5 d5 17. Ng3 Rad8 18. exd5 Nxd5 19. Nxd5 Rxd5 20. c4 Rdd8 21. Qc3 Qg6
22. Nf5 Kh7 23. dxe5 c5 24. e4 Rd7 25. Rf3 Qe6 26. Nd6 Bc6 27. Rg3 g6 28. Rf3
Re7 29. Rf6 Qxe5 30. Qxe5 Rxe5 31. Rxf7+ Rxf7 32. Nxf7 Rxe4 33. Rxe4 Bxe4 34.
Nd6 Bc2 35. Nc8 Bxb3 36. Nxa7 Bxc4 37. Nc8 b5 38. Kf2 Kg7 39. Nd6 g5 40. Nxc4
bxc4 41. Kf3 Kf6 42. Ke4 Ke6 43. g4 Kd6 44. Kf5 Kd5 45. Kg6 c3 46. bxc3 Kc4 47.
Kxh6 Kxc3 48. Kxg5 c4 49. Kf6 Kd3 50. g5 c3 51. g6 c2 52. g7 c1=Q 53. g8=Q Qh6+
54. Qg6+ 1-0

[Event "II Miedzynarodowy Memorial Ireny Warakomskiej - Open C"]
[Site "Suwalki"]
[Date "2018.08.02"]
[Round "2.15"]
[White "Bekier, Piotr"]
[Black "Pieczulis, Blazej"]
[Result "0-1"]
[WhiteTitle ""]
[BlackTitle ""]
[WhiteElo "1132"]
[BlackElo "1442"]

1. d4 Nf6 2. c4 g6 3. Nc3 Bg7 4. Nf3 d6 5. Bg5 O-O 6. e4 Nbd7 7. Be2 e5 8. d5 h6
9. Be3 Ng4 10. Bd2 f5 11. exf5 gxf5 12. Ng5 hxg5 13. Bxg4 fxg4 14. Qxg4 Nc5 15.
Qg3 Bf5 16. Bxg5 Nd3+ 17. Ke2 Qd7 18. h4 Bh7 19. h5 Nf4+ 20. Ke1 Kh8 21. f3 Bf6
22. Ne4 Bxe4 23. fxe4 Bxg5 24. Qxg5 Rg8 25. Qf6+ Qg7 26. Qf5 Qxg2 27. Qf6+ Rg7
28. Qh6+ Rh7 29. Qf6+ Kg8 30. Rg1 Qxg1+ 31. Kd2 Qxa1 32. Kc3 Qc1+ 33. Kb3 0-1

[Event "II Miedzynarodowy Memorial Ireny Warakomskiej - Open C"]
[Site "Suwalki"]
[Date "2018.08.02"]
[Round "2.16"]
[White "Paluch, Andrzej"]
[Black "Gladyszewski, Adam "]
[Result "1/2-1/2"]
[WhiteTitle ""]
[BlackTitle ""]
[WhiteElo "1404"]
[BlackElo "1220"]

1. d4 d5 2. c4 c6 3. Nf3 Nf6 4. e3 g6 5. Nc3 Bg7 6. Bd3 O-O 7. O-O Bg4 8. h3 Bxf3
9. Qxf3 Nbd7 10. cxd5 c5 11. dxc5 Nxc5 12. e4 Nfd7 13. Bf4 Be5 14. Bh6 Bxc3 15.
bxc3 Ne5 16. Qe3 Nexd3 17. Bxf8 Qxf8 18. Rfd1 e6 19. Rxd3 Nxd3 20. Qxd3 Rd8 21.
c4 Qd6 22. f3 Rc8 1/2-1/2

[Event "II Miedzynarodowy Memorial Ireny Warakomskiej - Open C"]
[Site "Suwalki"]
[Date "2018.08.02"]
[Round "2.18"]
[White "Olszewski, Jan "]
[Black "Zalega, Joanna "]
[Result "1-0"]
[WhiteTitle ""]
[BlackTitle ""]
[WhiteElo "1394"]
[BlackElo "1105"]

1. e4 c5 2. Nf3 d6 3. Bb5+ Nc6 4. O-O Nf6 5. Nc3 Bd7 6. d4 cxd4 7. Nxd4 e5 8. Nf3
Be7 9. Re1 Be6 10. Bg5 O-O 11. Bxf6 Bxf6 12. Nd5 Be7 13. Qd2 Bxd5 14. Qxd5 Nb4
15. Qd2 Qa5 16. Bc4 Qc5 17. Bb3 Rac8 18. Rac1 Rfd8 19. c3 Na6 20. Red1 Nc7 21.
g3 h6 22. Kg2 Ne6 23. Qd5 Qxd5 24. Bxd5 b6 25. Rc2 Nc5 26. Rcd2 Rc7 27. Bb3 Nxe4
28. Rd5 Nf6 29. R5d2 Ne8 30. Nxe5 dxe5 31. Rxd8 Bxd8 32. Rxd8 Re7 33. Ba4 Kf8
34. Kf3 f6 35. Ke4 Kf7 36. Rxe8 Rxe8 37. Bxe8+ Kxe8 38. Kd5 Kd7 39. a4 a5 40.
b4 g5 41. b5 h5 42. c4 h4 43. c5 hxg3 44. hxg3 1-0

[Event "II Miedzynarodowy Memorial Ireny Warakomskiej - Open C"]
[Site "Suwalki"]
[Date "2018.08.02"]
[Round "2.19"]
[White "Szczotka, Matylda"]
[Black "Kopaczewski, Zbigniew"]
[Result "0-1"]
[WhiteTitle ""]
[BlackTitle ""]
[WhiteElo "1164"]
[BlackElo "1391"]

1. e4 e6 2. d3 c5 3. Nf3 Nc6 4. Nbd2 g6 5. g3 Bg7 6. Bg2 Nge7 7. O-O b5 8. h3 Bb7
9. Nh2 O-O 10. Ndf3 a5 11. Ng4 f5 12. Nh6+ Kh8 13. exf5 Nxf5 14. Nxf5 Rxf5 15.
Nh4 Rf7 16. Nf3 b4 17. Ng5 Rf5 18. Ne4 d6 19. h4 Qe7 20. Bh3 Rff8 21. Ng5 Nd4
22. Ne4 d5 23. Nd2 a4 24. Rb1 e5 25. c3 Nf5 26. Qc2 e4 27. dxe4 dxe4 28. Bxf5
gxf5 29. Re1 Qf6 30. cxb4 f4 31. Re2 fxg3 32. fxg3 Qd4+ 33. Kh2 Rf2+ 34. Rxf2
Qxf2+ 35. Kh3 Bc8+ 36. g4 Qe3+ 37. Kg2 Bb7 38. Kh2 Be5+ 0-1

[Event "II Miedzynarodowy Memorial Ireny Warakomskiej - Open C"]
[Site "Suwalki"]
[Date "2018.08.02"]
[Round "2.20"]
[White "Ostrowski, Dymitr"]
[Black "Oglaza, Dawid"]
[Result "1-0"]
[WhiteTitle ""]
[BlackTitle ""]
[WhiteElo "1379"]
[BlackElo "1133"]

1. d4 d5 2. c4 c6 3. e3 Bf5 4. Nc3 e6 5. a3 Nf6 6. Nf3 Be7 7. cxd5 exd5 8. Bd3
Bxd3 9. Qxd3 O-O 10. O-O Nbd7 11. b4 a6 12. Na4 b5 13. Nc5 Nxc5 14. bxc5 a5 15.
Bd2 Ne4 16. Ne5 Qc7 17. f3 Nxd2 18. Qxd2 Bf6 19. Nd3 Rfe8 20. Rfe1 a4 21. Ra2
Qa5 22. Qxa5 Rxa5 23. Kf2 Raa8 24. Nb4 Rac8 25. Rd2 g5 26. e4 dxe4 27. fxe4 g4
28. Rd3 Re6 29. d5 cxd5 30. Rxd5 Be5 31. Rc1 Bf4 32. Re1 Rf6 33. Kg1 Kg7 34. g3
Bh6 35. Nd3 Rf3 36. Rf1 Re8 37. Ne5 Rxf1+ 38. Kxf1 f6 39. Rd7+ Kf8 40. Nxg4 Rxe4
41. Nxh6 Re7 42. Rd8+ Re8 43. Rxe8+ Kxe8 44. Ke2 Kd7 45. Kd3 Kc7 46. Ng8 f5 47.
Ne7 Kd7 48. Nxf5 Kc7 49. Kc3 Kb7 50. Kb4 Ka6 51. Nd6 1-0

[Event "II Miedzynarodowy Memorial Ireny Warakomskiej - Open C"]
[Site "Suwalki"]
[Date "2018.08.02"]
[Round "2.21"]
[White "Trochimczuk, Szymon"]
[Black "Zajac, Robert"]
[Result "0-1"]
[WhiteTitle ""]
[BlackTitle ""]
[WhiteElo "1330"]
[BlackElo "1248"]

1. d4 Nf6 2. c4 g6 3. Nf3 Bg7 4. Nc3 b6 5. e4 d6 6. Be2 O-O 7. O-O Ba6 8. h3 Nbd7
9. Be3 Re8 10. b4 Bb7 11. Qc2 c5 12. bxc5 bxc5 13. d5 Nb6 14. Rab1 Ba6 15. Nb5
Bxb5 16. Rxb5 Nfd7 17. Bd3 Qc7 18. Bd2 a6 19. Rbb1 Qa7 20. Bc3 f6 21. Nd2 Ne5
22. f4 Nxd3 23. Qxd3 Nd7 24. Rb2 Rab8 25. Rfb1 Rxb2 26. Rxb2 Rb8 27. Qb1 Rxb2
28. Qxb2 Bh6 29. g3 Qb6 30. a4 Qxb2 31. Bxb2 g5 32. f5 g4 33. Nf1 gxh3 34. a5
Ne5 35. Bxe5 fxe5 36. Kh2 Bc1 37. Kxh3 Bb2 38. Nd2 Kg7 39. Kg4 Kh6 40. Kh3 Bc3
41. Nb3 Kg5 42. Kg2 Kg4 43. Kf2 h5 44. Kg2 Be1 45. Nc1 Bxa5 46. Nd3 Bc3 47. Nc1
a5 48. Na2 Be1 49. Nc1 Bxg3 50. Na2 Be1 51. Kf1 Bb4 52. Kg2 Kf4 53. Kh3 Kxe4 54.
Kh4 Kxf5 55. Kxh5 e4 56. Kh4 Kf4 57. Kh3 Kf3 58. Nc1 a4 59. Kh2 e3 60. Kg1 e2
0-1

[Event "II Miedzynarodowy Memorial Ireny Warakomskiej - Open C"]
[Site "Suwalki"]
[Date "2018.08.02"]
[Round "2.22"]
[White "Gres, Rafal"]
[Black "Ulanowska, Dorota"]
[Result "1-0"]
[WhiteTitle ""]
[BlackTitle ""]
[WhiteElo "1149"]
[BlackElo "1299"]

1. e4 e5 2. Nf3 Nc6 3. Bc4 Bc5 4. b4 Bxb4 5. c3 Bc5 6. O-O Qe7 7. d4 Bb6 8. Bg5
Nf6 9. Nh4 Qf8 10. Qf3 exd4 11. Bxf6 gxf6 12. Qxf6 dxc3 13. Bxf7+ Qxf7 14. Qxh8+
Qf8 15. Qxh7 Bd4 16. Qg6+ Qf7 17. Qxf7+ Kxf7 18. Na3 c2 19. Rfe1 b6 20. Nxc2 Ba6
21. Nxd4 Nxd4 1-0

[Event "II Miedzynarodowy Memorial Ireny Warakomskiej - Open C"]
[Site "Suwalki"]
[Date "2018.08.02"]
[Round "2.23"]
[White "Kruszynski, Jacek"]
[Black "Fronczyk, Wiktor "]
[Result "1/2-1/2"]
[WhiteTitle ""]
[BlackTitle ""]
[WhiteElo "1145"]
[BlackElo "1279"]

1. d4 Nf6 2. c4 e6 3. Nf3 b6 4. g3 Bb7 5. Bg2 Bb4+ 6. Bd2 Qe7 7. O-O Ne4 8. Be3
Qf6 9. a3 Be7 10. Nfd2 Qg6 11. Qc2 f5 12. Nc3 d5 13. cxd5 exd5 14. Bf4 Nxc3 15.
bxc3 c5 16. Nf3 Nd7 17. Rac1 c4 18. Nh4 Bxh4 19. gxh4 O-O 20. Kh1 Qg4 21. Bg3
f4 22. f3 Qe6 23. Bf2 Rae8 24. Rce1 Bc6 25. e3 fxe3 26. Rxe3 Qd6 27. Qc1 Rxe3
28. Bxe3 Re8 29. Re1 Nf6 30. Bf2 Rxe1+ 31. Bxe1 1/2-1/2

[Event "II Miedzynarodowy Memorial Ireny Warakomskiej - Open C"]
[Site "Suwalki"]
[Date "2018.08.02"]
[Round "2.24"]
[White "Czarniecka, Anna "]
[Black "Tarawski, Adrian "]
[Result "0-1"]
[WhiteTitle ""]
[BlackTitle ""]
[WhiteElo "1090"]
[BlackElo "1278"]

1. d4 Nf6 2. c4 g6 3. Nc3 Bg7 4. Nf3 O-O 5. Bf4 d6 6. e3 Nbd7 7. Be2 Nh5 8. Bg3
Nxg3 9. fxg3 e5 10. O-O f5 11. Qc2 e4 12. Nd2 Qg5 13. Nd1 Nf6 14. Qb3 Kh8 15.
Nf2 Bh6 16. Nd1 Ng4 17. Bxg4 Qxg4 18. Rc1 Qe2 19. Qc3 Bd7 20. Nb3 a5 21. d5+ Bg7
22. Nd4 Qg4 23. Qd2 Qg5 24. Ne2 h5 25. Nf4 Rf6 26. Nf2 h4 27. gxh4 Qxh4 28. b3
g5 29. Ne2 Rh6 30. h3 g4 31. Nf4 Rg8 32. a3 gxh3 33. N4xh3 f4 34. exf4 Bxh3 35.
Nxh3 Qxh3 36. gxh3 Bc3+ 37. Qg2 Rxg2+ 38. Kxg2 Rg6+ 39. Kf2 Bd4+ 40. Ke1 Rg2 41.
f5 e3 42. h4 e2 43. Rh1 Be5 44. Rc2 Bg3+ 45. Kd2 e1=Q+ 46. Kd3 Qxh1 47. Rxg2 Qxg2
48. f6 Qf3+ 49. Kd2 Qxf6 50. h5 Qd4+ 51. Ke2 Qc3 52. Kd1 Qb2 53. h6 Bf4 54. h7
Qd2# 0-1

[Event "II Miedzynarodowy Memorial Ireny Warakomskiej - Open C"]
[Site "Suwalki"]
[Date "2018.08.02"]
[Round "2.25"]
[White "Olszewski, Antoni"]
[Black "Gladyszewska, Kinga"]
[Result "1-0"]
[WhiteTitle ""]
[BlackTitle ""]
[WhiteElo "1253"]
[BlackElo "1080"]

1. e4 c5 2. Nf3 Nc6 3. d4 cxd4 4. Nxd4 d6 5. f3 Nf6 6. c4 g6 7. Nc3 Bg7 8. Be3
a6 9. Qd2 Bd7 10. Be2 Qc7 11. O-O O-O 12. Rac1 Rac8 13. Nd5 Qd8 14. Nxc6 Bxc6
15. Bb6 Qd7 16. Ba5 Nxd5 17. cxd5 Bb5 18. Bxb5 Qxb5 19. Bc3 Bxc3 20. Rxc3 Qa5
21. Rfc1 Rb8 22. Qd4 Qb5 23. Rc7 Rfe8 24. e5 dxe5 25. Qxe5 e6 26. R7c5 Qd7 27.
d6 Red8 28. Rd1 Rbc8 29. Kf2 Rc6 30. Rxc6 Qxc6 31. Qd4 Qd7 32. Qb6 Rc8 33. Rd2
Rc6 34. Qd4 Rc8 35. Kg3 Rd8 36. Qb6 Rc8 37. Kf4 Rc6 38. Qa5 Rc8 39. Qe5 1-0

[Event "II Miedzynarodowy Memorial Ireny Warakomskiej - Open C"]
[Site "Suwalki"]
[Date "2018.08.02"]
[Round "2.26"]
[White "Burak, Vyacheslav"]
[Black "Palacz, Karolina "]
[Result "1-0"]
[WhiteTitle ""]
[BlackTitle ""]
[WhiteElo "1236"]
[BlackElo "1055"]

1. c4 Nf6 2. d4 h6 3. Nc3 d6 4. e4 c6 5. f4 e6 6. e5 Nfd7 7. Nf3 b6 8. g3 Bb7 9.
Bg2 d5 10. cxd5 cxd5 11. Be3 Ba6 12. Rc1 b5 13. a3 b4 14. axb4 Bxb4 15. Qa4 Ba5
16. b4 Bb6 17. b5 Bb7 18. O-O O-O 19. Qc2 a6 20. bxa6 Bxa6 21. Rf2 Nc6 22. Rb1
Ba5 23. Na2 Rc8 24. Qd1 Nb6 25. Bd2 Bxd2 26. Qxd2 Nc4 27. Qd1 Ne3 28. Qc1 Ng4
29. Rd2 h5 30. Qe1 Na5 31. h3 Nh6 32. Rdd1 Bc4 33. Nc3 Bb3 34. Rdc1 Nf5 35. Nb5
Bc4 36. g4 hxg4 37. hxg4 Nh6 38. Nd6 Rb8 39. Rxb8 Qxb8 40. Qxa5 Nxg4 41. Nxc4
dxc4 42. Rxc4 Ne3 43. Rc1 Nd5 44. Qd2 f6 45. Nh4 fxe5 46. Bxd5 exd5 47. fxe5 Qb6
48. Rd1 Qd8 49. Ng6 Rf5 50. Qg2 Rh5 51. Qxd5+ Qxd5 52. Ne7+ Kf7 53. Nxd5 Rg5+
54. Kf2 Rf5+ 55. Ke3 g5 56. Ke4 Rf2 57. Ne3 Ke6 58. d5+ Kd7 59. e6+ Kd6 60. Nf5+
Kc5 61. e7 Rf4+ 62. Ke3 Rxf5 63. e8=Q g4 64. Qc6+ Kb4 65. Rb1+ Ka5 66. Qa8# 1-0

[Event "II Miedzynarodowy Memorial Ireny Warakomskiej - Open C"]
[Site "Suwalki"]
[Date "2018.08.02"]
[Round "2.28"]
[White "Wiech, Andrzej "]
[Black "Wysocka, Edyta "]
[Result "0-1"]
[WhiteTitle ""]
[BlackTitle ""]
[WhiteElo "1064"]
[BlackElo "1214"]

1. d4 d5 2. Nf3 e6 3. b3 Nf6 4. Nbd2 Be7 5. c4 O-O 6. e3 b6 7. Bd3 Bb7 8. O-O Nbd7
9. e4 dxe4 10. Nxe4 Nxe4 11. d5 exd5 12. Bb2 Bf6 13. Nd4 c5 14. Bxe4 dxe4 15.
Rb1 cxd4 16. Ba3 Re8 17. Bc1 e3 18. fxe3 dxe3 19. Qg4 Be4 20. Bxe3 Bxb1 21. Bh6
Ne5 0-1

[Event "II Miedzynarodowy Memorial Ireny Warakomskiej - Open C"]
[Site "Suwalki"]
[Date "2018.08.03"]
[Round "4.1"]
[White "Mecelica, Erikas "]
[Black "Karut, Kacper"]
[Result "1-0"]
[WhiteTitle ""]
[BlackTitle ""]
[WhiteElo "1560"]
[BlackElo "1208"]

1. e4 c5 2. f4 e6 3. Nf3 Qc7 4. d3 b6 5. Nc3 Bb7 6. Be2 Nf6 7. O-O d5 8. e5 Nbd7
9. d4 cxd4 10. Nxd4 Bc5 11. Kh1 Bxd4 12. Nb5 Qc6 13. Nd6+ Kf8 14. Qxd4 Ba6 15.
Bxa6 1-0

[Event "II Miedzynarodowy Memorial Ireny Warakomskiej - Open C"]
[Site "Suwalki"]
[Date "2018.08.03"]
[Round "4.2"]
[White "Nowak, Adam"]
[Black "Seredyn, Dominik "]
[Result "0-1"]
[WhiteTitle ""]
[BlackTitle ""]
[WhiteElo "1352"]
[BlackElo "1543"]

1. c4 e6 2. g3 d5 3. Bg2 Nf6 4. Nf3 Be7 5. d4 O-O 6. O-O dxc4 7. Qc2 a6 8. a4 Bd7
9. Ne5 Ra7 10. Nxd7 Nbxd7 11. Rd1 c5 12. dxc5 Bxc5 13. Nc3 Qb8 14. Bg5 b5 15.
a5 h6 16. Bxf6 Nxf6 17. Ne4 Be7 18. Rd4 Rd8 19. Rad1 Nd5 20. Qd2 Rad7 21. Nc3
Nf6 22. Qe3 Qc7 23. Rxd7 Rxd7 24. Rxd7 Nxd7 25. Nxb5 axb5 26. a6 Bc5 27. Qf3 Qa7
28. Qa8+ Qxa8 29. Bxa8 Nb6 30. Bb7 b4 0-1

[Event "II Miedzynarodowy Memorial Ireny Warakomskiej - Open C"]
[Site "Suwalki"]
[Date "2018.08.03"]
[Round "4.3"]
[White "Ingielewicz, Konrad"]
[Black "Zajac, Szymon"]
[Result "1/2-1/2"]
[WhiteTitle ""]
[BlackTitle ""]
[WhiteElo "1539"]
[BlackElo "1346"]

1. c4 e5 2. Nc3 b6 3. Nf3 Nc6 4. e3 Nf6 5. d4 exd4 6. exd4 d5 7. cxd5 Nxd5 8. Bb5
Bb7 9. Ne5 Qd6 10. Qf3 O-O-O 11. Nxd5 Nxe5 12. Qh3+ Kb8 13. Nc3 Qxd4 14. O-O Qg4
15. Qxg4 Nxg4 16. Bg5 f6 17. Bf4 Bd6 18. Bxd6 Rxd6 19. h3 Ne5 20. Rad1 Rhd8 21.
Rxd6 Rxd6 22. Re1 a6 23. Bf1 Ka7 24. f4 Ng6 25. g3 Rd7 26. h4 Re7 27. Rd1 Nf8
28. Bh3 h6 29. Kf2 g5 30. Bf5 gxh4 31. gxh4 Rg7 32. Rd8 Ng6 33. Bxg6 Rxg6 34.
Rh8 Rg4 35. Rxh6 Rxf4+ 36. Ke3 Rf3+ 37. Kd2 Rh3 38. h5 Bf3 39. Rxf6 Bxh5 40. Rh6
Bg4 41. Rxh3 Bxh3 42. Kd3 Kb7 43. b4 Bg2 44. Kc4 Kc6 45. a3 Kd6 46. Kd4 c5+ 47.
Kc4 b5+ 48. Kd3 c4+ 49. Kd4 Kc6 50. a4 bxa4 51. Kxc4 Bf1+ 52. Kd4 a3 53. Na2 Kb5
54. Kc3 Bc4 55. Nc1 a2 56. Kb2 Kxb4 57. Nxa2+ 1/2-1/2

[Event "II Miedzynarodowy Memorial Ireny Warakomskiej - Open C"]
[Site "Suwalki"]
[Date "2018.08.03"]
[Round "4.4"]
[White "Matczynski, Mariusz"]
[Black "Kaminski, Stefan "]
[Result "1-0"]
[WhiteTitle ""]
[BlackTitle ""]
[WhiteElo "1208"]
[BlackElo "1518"]

1. e4 e5 2. Nf3 Nc6 3. Bc4 Bc5 4. O-O d6 5. h3 Nf6 6. d3 h6 7. Nc3 a6 8. Be3 Ba7
9. d4 O-O 10. dxe5 Nxe5 11. Nxe5 dxe5 12. Qf3 c6 13. Qg3 Kh7 14. Qxe5 b5 15. Bd3
Kh8 16. Qf4 b4 17. Ne2 Bb8 18. e5 Bb7 19. Qf5 Bc8 20. Qf4 Re8 21. Bd4 Qe7 22.
exf6 Bxf4 23. fxe7 Bg5 24. Bc5 a5 25. Rad1 Be6 26. Be4 Rac8 27. Nd4 Bxe7 28. Bxe7
Rxe7 29. Nxc6 Ree8 30. Rfe1 f5 31. Bf3 g5 32. Ne5 Kg7 33. Bc6 Re7 34. Ba4 Ra8
35. Nc6 Ree8 36. Nd4 Kf6 37. Bxe8 Rxe8 1-0

[Event "II Miedzynarodowy Memorial Ireny Warakomskiej - Open C"]
[Site "Suwalki"]
[Date "2018.08.03"]
[Round "4.5"]
[White "Rog, Mateusz "]
[Black "Murawski, Milosz "]
[Result "1-0"]
[WhiteTitle ""]
[BlackTitle ""]
[WhiteElo "1510"]
[BlackElo "1288"]

1. e4 c5 2. Nf3 d6 3. Bc4 Nf6 4. d3 Nc6 5. c3 Bg4 6. Nbd2 e6 7. h3 Bh5 8. g4 Bg6
9. O-O Be7 10. Re1 O-O 11. d4 d5 12. exd5 exd5 13. Bb5 cxd4 14. cxd4 Rc8 15. a3
a6 16. Bxc6 Rxc6 17. Ne5 Re6 18. f4 Be4 19. g5 Nd7 20. Nxe4 dxe4 21. Nxd7 Qxd7
22. f5 Rd6 23. Rxe4 Rd8 24. Be3 Kf8 25. Qg4 Qb5 26. Rf1 f6 27. g6 hxg6 28. fxg6
Rd5 29. Qe6 Qe8 30. Re5 R8d6 31. Rxf6+ 1-0

[Event "II Miedzynarodowy Memorial Ireny Warakomskiej - Open C"]
[Site "Suwalki"]
[Date "2018.08.03"]
[Round "4.6"]
[White "Wysocka, Edyta "]
[Black "Volkov, Aleksandr"]
[Result "1/2-1/2"]
[WhiteTitle ""]
[BlackTitle ""]
[WhiteElo "1214"]
[BlackElo "1506"]

1. e4 e5 2. Nf3 Nc6 3. Bb5 Qe7 4. c3 d6 5. h3 Bd7 6. Qe2 O-O-O 7. O-O h6 8. Rd1
g5 9. Bxc6 Bxc6 10. d3 Bd7 11. Nh2 h5 12. f3 Kb8 13. a4 Nh6 14. b4 f5 15. exf5
Nxf5 16. g4 Ng3 17. Qf2 h4 18. Nf1 Nxf1 19. Qxf1 Bg7 20. Be3 Rhf8 21. Nd2 b6 22.
Qf2 d5 23. a5 Bc8 24. axb6 cxb6 25. Nb3 Qf6 26. Rf1 Rd7 27. Qd2 Bh6 28. d4 Rdf7
29. Qh2 Re8 30. dxe5 Qxe5 31. Qxe5+ Rxe5 32. Bd4 Re2 33. Rf2 Rxf2 34. Kxf2 Bg7
35. Bxg7 Rxg7 36. Re1 Rc7 37. Re3 Ba6 38. Nd4 Bc8 39. Nb5 Rd7 40. Re5 a6 41. Nd4
Rc7 42. Ne2 d4 43. Nxd4 Rxc3 44. Rxg5 Rc4 45. Rd5 Rxb4 46. Nc6+ Kb7 47. Nxb4 a5
48. Nc2 Be6 49. Re5 Bb3 50. Nd4 Bc4 51. Re3 b5 52. Nxb5 Bxb5 53. g5 Bd7 54. g6
Bf5 55. g7 Bh7 56. f4 Kc6 57. f5 a4 58. f6 Bg8 59. Rf3 Bf7 60. g8=Q Bxg8 61. f7
Bxf7 62. Rxf7 Kb5 63. Ra7 Kb4 64. Rxa4+ Kxa4 65. Kf3 Kb5 66. Kg4 Kc6 67. Kxh4
Kd6 68. Kg5 Ke7 69. Kg6 Kf8 70. Kh7 Kf7 71. h4 Kf6 72. h5 Kf7 73. h6 Kf8 74. Kg6
Kg8 75. h7+ Kh8 76. Kh6 1/2-1/2

[Event "II Miedzynarodowy Memorial Ireny Warakomskiej - Open C"]
[Site "Suwalki"]
[Date "2018.08.03"]
[Round "4.7"]
[White "Ostrowski, Dymitr"]
[Black "Czarnomski, Dominik"]
[Result "1-0"]
[WhiteTitle ""]
[BlackTitle ""]
[WhiteElo "1379"]
[BlackElo "1493"]

1. d4 g6 2. c4 Bg7 3. Nc3 d6 4. e4 e5 5. d5 Nd7 6. Bd3 Ne7 7. Be3 O-O 8. Qd2 f5
9. f3 f4 10. Bf2 a6 11. g3 c5 12. dxc6 bxc6 13. Nge2 fxg3 14. hxg3 Rxf3 15. Be3
Nf6 16. O-O-O Ng4 17. Bg1 Qf8 18. Qe1 Be6 19. c5 d5 20. Kb1 d4 21. Na4 Qf7 22.
Nc1 Bh6 23. Be2 Bxc1 24. Rxc1 Rf6 25. b3 Rb8 26. Nb6 Nc8 27. Nc4 Qe7 28. Qa5 Na7
29. Nxe5 Nxe5 30. Bxd4 Bc8 31. Bxe5 Qxe5 32. Qd8+ Kg7 33. Rxh7+ Kxh7 34. Rh1+
Kg7 35. Qh8+ Kf7 36. Rh7+ Ke6 37. Bc4+ Qd5 38. exd5+ cxd5 39. Qe8+ Kf5 40. Bd3+
1-0